| 000 | 01048nam a22002897a 4500 | ||
|---|---|---|---|
| 003 | URS | ||
| 005 | 20230418103537.0 | ||
| 008 | 230418b |||||||| |||| 00| 0 eng d | ||
| 020 | _a978-621-8035-55-3 | ||
| 040 |
_aCvSU-CCAT Campus Library. _bEnglish. _cURS _erda |
||
| 050 | 1 | 4 |
_aLC221 _b.P93 2019 |
| 100 |
_94481 _aPrieto, Neila G. _eauthor. |
||
| 245 |
_aThe teacher and the community, school culture and organizational leadership / _cNelia G. Prieto, Clotilde N. Arcangel, Brenda B. Corpuz. |
||
| 264 |
_aQuezon City : _bLorimar Publishing, Inc., _cc2019. |
||
| 300 |
_axiv, 150 pages : _billustrations ; _c26 cm |
||
| 336 |
_2rdacontent _atext _btxt |
||
| 337 |
_2rdamedia _aunmediated _bn |
||
| 338 |
_2rdacarrier _avolume _bnc |
||
| 490 | _a(PAFTE Project WRITE) | ||
| 501 | _aOBE & PPST-Based. | ||
| 504 | _aIncludes bibliographical references. | ||
| 546 | _aIn English text. | ||
| 650 | 0 |
_94483 _aCommunity and school. |
|
| 700 |
_94484 _aArchangel, Clotilde N. _eauthor. |
||
| 700 |
_983 _aCorpuz, Brenda B., _eauthor. |
||
| 942 |
_2lcc _cF |
||
| 999 |
_c69205 _d69204 |
||